Greek occupation of Izmir and adjoining territories report of the inter-allied commission of inquiry (may-september 1919)

Na minha lista:
Detalhes bibliográficos
Autor principal: Erhan, Cagri
Formato: Livro
Idioma:inglês
Publicado em: Ankara Center for Strategic Research 1999
Colecção:SAM Papers No. 2/99
Assuntos:
Tags: Adicionar Tag
Sem tags, seja o primeiro a adicionar uma tag!

MARC

LEADER 00000nam a2200000 4500
001 c113824
005 20260105102949.7
041 0 |a eng 
044 |a TR 
245 1 0 |a Greek occupation of Izmir and adjoining territories  |b report of the inter-allied commission of inquiry (may-september 1919)  |c Cagri Erhan 
264 1 |a Ankara  |b Center for Strategic Research  |c 1999 
300 |a 88 s. 
490 1 |a SAM Papers  |v No. 2/99 
830 0 |a SAM Papers  |v No. 2/99 
610 2 0 |a politika medzinárodná 
610 2 0 |a vzťahy politické medzinárodné 
610 2 0 |a boj politický 
610 2 0 |a vojny 
610 2 0 |a konferencie 
610 2 0 |a prieskum informačný 
610 2 0 |a právo medzinárodné 
610 2 0 |a dokumenty vládne 
610 2 0 |a Grécko 
610 2 0 |a Turecko 
610 2 0 |a Izmir 
100 1 |a Erhan, Cagri